[Event "George Trundle NZ Reserves 2017"]
[Site "Auckland, NZL"]
[Date "2017.10.03"]
[Round "4.1"]
[White "Qin, Oscar Shu Xuan"]
[Black "Peak, Stephen"]
[Result "1/2-1/2"]
[BlackElo "1670"]
[WhiteElo "1415"]
[LiveChessVersion "1.4.8"]

1. e4 {[%clk 1:30:58]} e5 {[%clk 1:29:57]} 2. Nf3 {[%clk 1:31:16]} Nc6
{[%clk 1:30:14]} 3. d4 {[%clk 1:31:39]} exd4 {[%clk 1:30:12]} 4. Nxd4
{[%clk 1:32:02]} Bc5 {[%clk 1:30:18]} 5. Be3 {[%clk 1:32:23]} Qf6
{[%clk 1:30:34]} 6. c3 {[%clk 1:31:58]} Nge7 {[%clk 1:30:50]} 7. g3
{[%clk 1:32:19]} d5 {[%clk 1:27:27]} 8. Bg2 {[%clk 1:32:35]} dxe4
{[%clk 1:27:19]} 9. O-O {[%clk 1:32:06]} Nxd4 {[%clk 1:18:49]} 10. cxd4
{[%clk 1:31:55]} Bb6 {[%clk 1:18:35]} 11. Nc3 {[%clk 1:30:41]} O-O
{[%clk 1:17:13]} 12. Nxe4 {[%clk 1:30:38]} Qg6 {[%clk 1:15:04]} 13. f4
{[%clk 1:30:19]} Nf5 {[%clk 1:12:12]} 14. Bf2 {[%clk 1:17:12]} Nd6
{[%clk 1:00:37]} 15. Nxd6 {[%clk 1:03:40]} Qxd6 {[%clk 1:00:30]} 16. Qd3
{[%clk 0:59:59]} c6 {[%clk 0:55:39]} 17. Rfe1 {[%clk 0:57:21]} Be6
{[%clk 0:55:03]} 18. a3 {[%clk 0:55:13]} Rad8 {[%clk 0:53:18]} 19. Rad1
{[%clk 0:55:04]} g6 {[%clk 0:51:35]} 20. Be4 {[%clk 0:45:58]} f5 {[%clk 0:42:50]}
21. Bf3 {[%clk 0:43:36]} Rfe8 {[%clk 0:39:58]} 22. Qc3 {[%clk 0:36:07]} Bf7
{[%clk 0:37:33]} 23. Rxe8+ {[%clk 0:29:03]} Rxe8 {[%clk 0:37:37]} 24. b4
{[%clk 0:23:53]} Bd5 {[%clk 0:37:20]} 25. Bxd5+ {[%clk 0:22:17]} Qxd5
{[%clk 0:37:48]} 26. Re1 {[%clk 0:21:25]} Rxe1+ {[%clk 0:27:18]} 27. Qxe1
{[%clk 0:21:46]} Bxd4 {[%clk 0:26:52]} 28. Qe8+ {[%clk 0:22:04]} Kg7
{[%clk 0:27:08]} 29. Qe7+ {[%clk 0:22:01]} Kh6 {[%clk 0:26:55]} 30. Qg5+
{[%clk 0:21:22]} Kg7 {[%clk 0:27:00]} 31. Qe7+ {[%clk 0:21:46]} Kg8
{[%clk 0:25:53]} 32. Qe8+ {[%clk 0:22:08]} Kg7 {[%clk 0:25:55]} 1/2-1/2

[Event "George Trundle NZ Reserves 2017"]
[Site "Auckland, NZL"]
[Date "2017.10.03"]
[Round "4.2"]
[White "Nagorski, Alex"]
[Black "Braganza, Nadia"]
[Result "1/2-1/2"]
[BlackElo "1517"]
[WhiteElo "1843"]
[LiveChessVersion "1.4.8"]

1. d4 {[%clk 1:30:14]} Nf6 {[%clk 1:30:42]} 2. c4 {[%clk 1:30:28]} g6
{[%clk 1:30:42]} 3. Nc3 {[%clk 1:30:52]} Bg7 {[%clk 1:30:55]} 4. e4
{[%clk 1:31:18]} d6 {[%clk 1:30:45]} 5. Be2 {[%clk 1:30:00]} O-O {[%clk 1:29:58]}
6. Bg5 {[%clk 1:30:08]} h6 {[%clk 1:27:56]} 7. Be3 {[%clk 1:29:40]} Nc6
{[%clk 1:27:59]} 8. h3 {[%clk 1:28:49]} e5 {[%clk 1:21:05]} 9. d5
{[%clk 1:23:17]} Ne7 {[%clk 1:19:55]} 10. Nf3 {[%clk 1:17:35]} a5
{[%clk 1:14:42]} 11. Qd2 {[%clk 1:13:49]} Kh7 {[%clk 1:10:15]} 12. g4 Nfg8
{[%clk 1:03:59]} 13. g5 {[%clk 1:01:53]} f5 {[%clk 1:01:09]} 14. gxf6
{[%clk 1:00:31]} Nxf6 {[%clk 1:00:52]} 15. Nh4 {[%clk 0:58:00]} Neg8
{[%clk 0:52:03]} 16. Ng2 {[%clk 0:57:45]} Qe7 {[%clk 0:49:55]} 17. O-O-O
{[%clk 0:56:26]} a4 {[%clk 0:48:30]} 18. h4 {[%clk 0:54:32]} a3 {[%clk 0:46:17]}
19. b3 {[%clk 0:54:57]} Bg4 {[%clk 0:44:51]} 20. Bxg4 {[%clk 0:47:56]} Nxg4
{[%clk 0:44:46]} 21. h5 {[%clk 0:47:32]} g5 {[%clk 0:44:01]} 22. Rdf1
{[%clk 0:43:37]} Qd7 {[%clk 0:40:49]} 23. Ne2 {[%clk 0:42:04]} b5
{[%clk 0:38:00]} 24. c5 {[%clk 0:41:57]} Nxe3 {[%clk 0:31:21]} 25. Qxe3
{[%clk 0:41:50]} c6 {[%clk 0:29:38]} 26. Nc3 {[%clk 0:39:54]} dxc5
{[%clk 0:28:14]} 27. dxc6 {[%clk 0:33:41]} Qxc6 {[%clk 0:27:35]} 28. Rd1
{[%clk 0:33:21]} Ne7 {[%clk 0:24:22]} 29. Nd5 {[%clk 0:31:09]} Nxd5
{[%clk 0:18:24]} 30. Rxd5 {[%clk 0:31:31]} Rad8 {[%clk 0:16:03]} 31. Rxc5
{[%clk 0:22:04]} Qb6 {[%clk 0:14:27]} 32. Rc2 {[%clk 0:20:56]} Qd4
{[%clk 0:10:38]} 33. Kb1 {[%clk 0:18:50]} Qxe3 {[%clk 0:07:05]} 1/2-1/2

[Event "George Trundle NZ Reserves 2017"]
[Site "Auckland, NZL"]
[Date "2017.10.03"]
[Round "4.3"]
[White "Mukkattu, Philip"]
[Black "Carpinter, Bernard"]
[Result "1-0"]
[BlackElo "1860"]
[WhiteElo "1676"]
[LiveChessVersion "1.4.8"]

1. d4 {[%clk 1:30:56]} Nf6 {[%clk 1:30:53]} 2. c4 {[%clk 1:31:22]} e6
{[%clk 1:31:19]} 3. Nf3 {[%clk 1:31:38]} d5 {[%clk 1:31:41]} 4. Nc3
{[%clk 1:31:48]} Bb4 {[%clk 1:32:05]} 5. Qc2 {[%clk 1:31:55]} O-O
{[%clk 1:31:58]} 6. Bg5 {[%clk 1:31:46]} h6 {[%clk 1:32:11]} 7. Bh4
{[%clk 1:28:59]} Nbd7 {[%clk 1:32:02]} 8. e3 {[%clk 1:29:04]} b6 {[%clk 1:32:01]}
9. cxd5 {[%clk 1:28:58]} exd5 {[%clk 1:32:24]} 10. a3 {[%clk 1:29:08]} Bxc3+ 11.
Qxc3 Bb7 {[%clk 1:27:30]} 12. Bd3 {[%clk 1:27:12]} c5 {[%clk 1:25:42]} 13. g4
{[%clk 1:24:47]} g5 14. Nxg5 {[%clk 1:24:16]} hxg5 {[%clk 1:23:39]} 15. Bxg5
{[%clk 1:24:43]} c4 {[%clk 1:21:27]} 16. Bf5 {[%clk 1:24:23]} Bc8
{[%clk 1:16:17]} 17. h4 {[%clk 1:23:35]} Ne4 {[%clk 1:16:24]} 18. Bxe4
{[%clk 1:23:38]} f6 {[%clk 1:16:23]} 19. Bh6 {[%clk 1:22:44]} dxe4
{[%clk 1:16:31]} 20. Bxf8 {[%clk 1:22:38]} Kxf8 21. Qxc4 Bb7 {[%clk 1:12:01]} 22.
Qb4+ {[%clk 1:20:54]} Kg7 {[%clk 1:10:18]} 23. Qd6 {[%clk 1:19:22]} Rc8
{[%clk 1:10:12]} 24. g5 {[%clk 1:16:22]} fxg5 {[%clk 1:05:26]} 25. hxg5
{[%clk 1:14:19]} Rc6 {[%clk 1:05:39]} 26. Qh2 {[%clk 1:14:03]} Qg8
{[%clk 1:05:08]} 27. g6 {[%clk 1:09:10]} Rxg6 {[%clk 1:01:54]} 28. Qc7
{[%clk 1:09:14]} Qc8 {[%clk 0:54:51]} 29. Qxc8 {[%clk 1:09:38]} Bxc8
{[%clk 0:55:13]} 30. Rc1 {[%clk 1:10:04]} Ba6 {[%clk 0:55:13]} 31. Rc7
{[%clk 1:09:30]} Rd6 {[%clk 0:55:34]} 32. Rxa7 {[%clk 1:08:46]} Bd3
{[%clk 0:55:46]} 33. Kd2 {[%clk 1:06:43]} Kg6 {[%clk 0:55:20]} 34. f3
{[%clk 1:04:26]} Nf6 {[%clk 0:55:18]} 35. fxe4 {[%clk 1:01:46]} Nxe4+
{[%clk 0:55:26]} 36. Kxd3 {[%clk 0:55:22]} Nf2+ {[%clk 0:55:35]} 37. Kc4
{[%clk 0:54:56]} Nxh1 38. e4 Ng3 {[%clk 0:51:20]} 39. Kd3 {[%clk 0:52:45]} Re6
{[%clk 0:45:39]} 40. e5 {[%clk 0:51:54]} Kf5 {[%clk 0:43:02]} 41. Rf7+
{[%clk 0:50:45]} Kg4 {[%clk 0:43:17]} 42. Rf6 {[%clk 0:48:46]} Rxf6 43. exf6 Nh5
{[%clk 0:39:42]} 44. f7 {[%clk 1:18:17]} Nf4+ {[%clk 1:10:05]} 45. Ke4
{[%clk 1:17:52]} Ne6 {[%clk 1:09:34]} 46. Ke5 {[%clk 1:17:07]} Nf8
{[%clk 1:09:54]} 47. Kf6 {[%clk 1:16:50]} Kf4 {[%clk 1:10:05]} 48. d5
{[%clk 1:16:27]} Ke4 {[%clk 1:10:13]} 49. d6 {[%clk 1:15:00]} Kd5
{[%clk 1:10:24]} 50. d7 {[%clk 0:55:26]} Nxd7+ {[%clk 1:09:09]} 51. Ke7
{[%clk 0:55:41]} Kc6 {[%clk 1:09:27]} 52. a4 {[%clk 0:55:54]} Kc7
{[%clk 1:08:33]} 53. b4 {[%clk 0:56:04]} Kc6 54. a5 1-0

[Event "George Trundle NZ Reserves 2017"]
[Site "Auckland, NZL"]
[Date "2017.10.03"]
[Round "4.4"]
[White "Wang, Aaron Ziwen"]
[Black "Meng, Richard"]
[Result "0-1"]
[BlackElo "1646"]
[WhiteElo "1530"]
[LiveChessVersion "1.4.8"]

1. c4 {[%clk 1:30:51]} e5 {[%clk 1:30:38]} 2. Nc3 {[%clk 1:31:14]} Nf6
{[%clk 1:30:21]} 3. Nf3 {[%clk 1:30:51]} Nc6 {[%clk 1:29:54]} 4. g3
{[%clk 1:30:44]} d5 {[%clk 1:28:55]} 5. cxd5 {[%clk 1:29:48]} Nxd5
{[%clk 1:29:10]} 6. Bg2 {[%clk 1:30:11]} Nb6 {[%clk 1:29:10]} 7. d3
{[%clk 1:29:33]} Be7 {[%clk 1:26:55]} 8. O-O {[%clk 1:28:21]} O-O
{[%clk 1:26:43]} 9. b3 {[%clk 1:24:25]} Re8 {[%clk 1:18:54]} 10. Bb2
{[%clk 1:23:15]} Bf8 {[%clk 1:12:45]} 11. Rc1 {[%clk 1:20:27]} Nd4
{[%clk 1:10:01]} 12. e3 {[%clk 1:13:33]} Nxf3+ {[%clk 1:08:10]} 13. Bxf3
{[%clk 1:11:19]} c6 {[%clk 1:04:21]} 14. Ne2 {[%clk 1:02:34]} Bh3
{[%clk 0:59:36]} 15. Bg2 {[%clk 0:59:08]} Qd7 {[%clk 0:54:44]} 16. Re1
{[%clk 0:52:06]} Bxg2 {[%clk 0:54:25]} 17. Kxg2 {[%clk 0:52:27]} Bb4
{[%clk 0:52:00]} 18. Nc3 {[%clk 0:50:37]} Rad8 {[%clk 0:52:04]} 19. d4
{[%clk 0:47:35]} exd4 {[%clk 0:51:39]} 20. exd4 {[%clk 0:47:42]} Rxe1
{[%clk 0:51:37]} 21. Qxe1 {[%clk 0:47:56]} Qxd4 {[%clk 0:51:36]} 22. Rd1
{[%clk 0:45:59]} Qxd1 {[%clk 0:51:50]} 23. Qxd1 {[%clk 0:45:49]} Rxd1
{[%clk 0:52:13]} 24. Nxd1 {[%clk 0:46:11]} Nd5 {[%clk 0:52:16]} 25. a3
{[%clk 0:44:30]} Bd2 {[%clk 0:52:02]} 26. Bd4 {[%clk 0:43:14]} a6
{[%clk 0:51:29]} 27. Ne3 {[%clk 0:38:29]} Nxe3+ {[%clk 0:51:45]} 28. fxe3
{[%clk 0:34:26]} f6 {[%clk 0:51:42]} 29. Kf3 {[%clk 0:30:27]} Kf7
{[%clk 0:52:06]} 30. Bb2 {[%clk 0:29:14]} Ba5 {[%clk 0:51:48]} 31. Bd4
{[%clk 0:28:41]} Ke6 {[%clk 0:51:48]} 32. b4 {[%clk 0:28:44]} Bc7
{[%clk 0:52:09]} 33. e4 {[%clk 0:28:44]} Be5 {[%clk 0:51:57]} 34. Bc5
{[%clk 0:26:29]} b5 {[%clk 0:52:16]} 35. Be3 {[%clk 0:24:34]} Bb2
{[%clk 0:52:39]} 36. Bd2 {[%clk 0:23:17]} Bxa3 {[%clk 0:52:58]} 37. Ke3
{[%clk 0:22:10]} c5 {[%clk 0:52:21]} 38. bxc5 {[%clk 0:22:22]} Bxc5+
{[%clk 0:52:13]} 39. Kd3 {[%clk 0:22:29]} f5 {[%clk 0:52:01]} 40. exf5+
{[%clk 0:52:36]} Kxf5 {[%clk 1:22:22]} 41. h3 {[%clk 0:52:34]} h5
{[%clk 1:22:05]} 42. Be1 {[%clk 0:52:26]} Bb6 {[%clk 1:21:34]} 43. Bc3
{[%clk 0:52:18]} g6 {[%clk 1:21:42]} 44. Be1 {[%clk 0:50:53]} a5 {[%clk 1:21:56]}
45. Kc3 {[%clk 0:51:13]} Ke4 {[%clk 1:22:13]} 46. Kb3 {[%clk 0:51:37]} Kf3
{[%clk 1:22:21]} 47. Ka3 {[%clk 0:49:38]} b4+ {[%clk 1:22:45]} 48. Kb3
{[%clk 0:49:53]} Ke2 {[%clk 1:23:10]} 49. Bxb4 {[%clk 0:49:46]} axb4
{[%clk 1:23:32]} 50. Kxb4 {[%clk 0:50:09]} Kf3 0-1

[Event "George Trundle NZ Reserves 2017"]
[Site "Auckland, NZL"]
[Date "2017.10.03"]
[Round "4.5"]
[White "Qin, Nicole Shu Yu"]
[Black "Ha, Huy Minh (Timothy)"]
[Result "1/2-1/2"]
[BlackElo "1690"]
[WhiteElo "1547"]
[LiveChessVersion "1.4.8"]

1. d4 {[%clk 1:30:24]} e6 {[%clk 1:31:09]} 2. c4 {[%clk 1:30:11]} f5
{[%clk 1:30:57]} 3. Nc3 {[%clk 1:28:15]} Nf6 {[%clk 1:29:18]} 4. Nf3
{[%clk 1:23:45]} d6 {[%clk 1:27:59]} 5. e3 {[%clk 1:20:08]} Be7 {[%clk 1:26:08]}
6. Bd3 d5 {[%clk 1:26:19]} 7. O-O {[%clk 1:12:56]} O-O {[%clk 1:20:21]} 8. b3
{[%clk 1:07:51]} Ne4 {[%clk 1:19:54]} 9. Bb2 {[%clk 1:03:58]} Bf6 10. Nd2
{[%clk 1:04:20]} Nxc3 {[%clk 1:12:13]} 11. Bxc3 {[%clk 0:59:18]} c5
{[%clk 1:11:57]} 12. Nf3 {[%clk 0:56:02]} Nc6 {[%clk 1:06:38]} 13. Rc1
{[%clk 0:53:43]} cxd4 {[%clk 0:51:39]} 14. exd4 {[%clk 0:47:29]} Be7
{[%clk 0:51:44]} 15. cxd5 {[%clk 0:47:28]} exd5 {[%clk 0:44:12]} 16. Ne5
{[%clk 0:42:08]} a6 {[%clk 0:32:45]} 17. f4 {[%clk 0:31:44]} Bd6 {[%clk 0:32:30]}
18. Rf3 {[%clk 0:28:16]} Qf6 {[%clk 0:26:47]} 19. Rh3 {[%clk 0:23:43]} Bc7
{[%clk 0:20:08]} 20. Qf3 {[%clk 0:19:22]} Nxe5 {[%clk 0:20:10]} 21. dxe5
{[%clk 0:19:40]} Bb6+ {[%clk 0:20:23]} 22. Kh1 {[%clk 0:16:05]} Qf7
{[%clk 0:19:29]} 23. Bb4 {[%clk 0:10:57]} Rd8 {[%clk 0:19:42]} 24. a4
{[%clk 0:07:03]} Be6 {[%clk 0:16:46]} 25. g4 {[%clk 0:04:31]} Rac8
{[%clk 0:15:40]} 26. Re1 {[%clk 0:04:31]} a5 {[%clk 0:15:40]} 27. gxf5
{[%clk 0:02:26]} Bxf5 {[%clk 0:13:34]} 28. e6 {[%clk 0:01:47]} Qf6
{[%clk 0:13:28]} 29. Bxf5 {[%clk 0:01:27]} Qxf5 {[%clk 0:12:50]} 30. e7
{[%clk 0:01:10]} Re8 {[%clk 0:11:15]} 31. Rh5 {[%clk 0:01:23]} Qf7
{[%clk 0:11:15]} 32. Ba3 {[%clk 0:01:30]} Bc5 {[%clk 0:08:38]} 33. Bxc5
{[%clk 0:01:30]} Rxc5 {[%clk 0:04:39]} 34. Rhe5 {[%clk 0:01:41]} b5
{[%clk 0:04:39]} 35. Qe3 {[%clk 0:01:54]} d4 {[%clk 0:02:28]} 36. Qxd4
{[%clk 0:01:06]} Rxe5 {[%clk 0:02:17]} 37. Qxe5 Qxb3 {[%clk 0:02:11]} 38. Qh5
{[%clk 0:00:56]} g6 {[%clk 0:01:10]} 39. Qe5 {[%clk 0:30:46]} bxa4
{[%clk 0:31:04]} 40. Qxa5 Qf3+ {[%clk 0:31:04]} 41. Kg1 {[%clk 0:31:10]} Qxf4
{[%clk 0:25:14]} 42. Qd5+ {[%clk 0:25:07]} Qf7 {[%clk 0:25:14]} 43. Qd6
{[%clk 0:25:07]} Qb3 {[%clk 0:25:14]} 44. Qc6 {[%clk 0:25:07]} Qf7
{[%clk 0:25:14]} 45. Qd6 {[%clk 0:25:07]} Kg7 {[%clk 0:25:14]} 46. Qd4+
{[%clk 0:25:07]} Qf6 {[%clk 0:25:14]} 47. Qd7 {[%clk 0:25:07]} Qf7
{[%clk 0:17:12]} 48. Qd4+ {[%clk 0:19:10]} Kg8 {[%clk 0:17:12]} 49. Qd6
{[%clk 0:19:10]} 1/2-1/2